| 000 | 00000nam##2200000za#4500 |
| 001 | 9.531902 |
| 003 | CaOODSP |
| 005 | 20200327082846 |
| 007 | ta |
| 008 | 150406|1999||||xxc||||| f|0| 0 eng|d |
| 020 | |a0-662-64193-0 |
| 040 | |aCaOODSP|beng |
| 041 | |aeng |
| 041 | |afre |
| 043 | |an-cn--- |
| 086 | 1 |aC21-24/31-1999 |
| 110 | 1 |aCanada.|bIndustry Canada. |bMicro-Economic Analysis Directorate. |
| 245 | 10|aForeign direct investment and productivity growth : |bthe Canadian host-country experience / |cby Surendra Gera, Wulong Gu and Frank C. Lee. |
| 260 | |aOttawa - Ontario : |bIndustry Canada. |c1999. |
| 300 | |aEnglish text, i, 37p. : |btables ; |c28 cm. |
| 490 | 1 |aWorking paper|v30 |
| 500 | |a"In this paper, we analyze the impact of technology transfers and spillovers from inward foreign direct investment (FDI) on the production cost and structure of Canadian industries. Specifically, we: (1) estimate the effects of inward FDI on the cost of production; and (2) examine the impact of FDI on the structure of production, i.e., the effects on demand for factors such as capital, labour, intermediate goods and R&D capital."--Abstact. |
| 504 | |aBibliography. |
| 520 | 3 |aIn this paper, we analyze the impact of technology transfers and spillovers from inward foreign direct investment (FDI) on the production cost and structure of Canadian industries. Specifically, we: (1) estimate the effects of inward FDI on the cost of production; and (2) examine the impact of FDI on the structure of production, i.e., the effects on demand for factors such as capital, labour, intermediate goods and R&D capital.--Abstact |
| 546 | |aBilingual |
| 563 | |aSoftcover |
| 590 | |a99-50|b1999-12-17 |
| 690 | 07|aProductivity|2gcpds |
| 690 | 07|aTechnological innovation|2gcpds |
| 690 | 07|aForeign investments|2gcpds |
| 720 | 1 |aGera, Surendra |
| 720 | 1 |aGu, Wulong |
| 720 | 1 |aLee, Frank C. |
| 776 | 0#|tForeign direct investment and productivity growth : |w(CaOODSP)9.570526 |
| 776 | 0#|tInvestissement étranger direct et croissance de la productivité : |w(CaOODSP)9.601178 |
| 792 | |tInvestissement étranger direct et croissance de la productivité : |efre|w(CaOODSP)9.531903 |
| 830 | #0|aWorking paper ;|v30|w(CaOODSP)9.509052 |